000 01009nas a2200301 4500
001 BR2011003693
003 BR-BrBNA
005 20231205115415.0
007 ta
008 230509b bl.|||p| |||| 00| 00por d
040 _aBR-BrBNA
_bpor
_cBiblioteca Nacional de Agricultura
041 _a(En)
072 _aH20
100 1 _aTanaka, F.A.O.
100 1 _aColetta-Filho, H.D.
100 1 _aAlves, K.C.S.
100 1 _aSpinelli, M.O.
100 1 _aMachado, M.A.
100 1 _aKitajima, E.W.
245 1 _aDetection of the "Candidatus Liberibacter americanus" in phloem vessels of experimentally infected Cataranthus roseus by scanning electron microscopy
650 _aDOENÇA DE PLANTA
650 _aMICROSCÓPIO ELETRÔNICO
650 _aCATHARANTUS ROSEUS
650 _aCANDIDATUS LIBERIBACTER AMERICANUS
773 0 _tFitopatologia Brasileira (Brazil)
_xISSN 0100-4158
_g(Nov-Dec 2007), v. 32(6) p. 519
_wBR2011003693
909 _a202311
_bLúcia
_c55
_dLúcia Elande
942 _2AGRIS
_n0
_cANA
999 _c213642
_d213642